000 00398nam a2200121Ia 4500
008 200619s9999 xx 000 0 und d
100 _aOlivelle Patrick
245 4 _aThe Law Code of Visnu : A Critical Edition and Annotated Translation of the Vaisnava- Dharmasutra
264 _bHarvard University Press
300 _a560
942 _cIR
999 _c120104
_d120104